Statistiques concernant Culture Générale - Série 1168

Cliquez ici pour prendre le quiz!

Statistiques générales

  • Ce quiz a été pris 70 fois
  • Le résultat moyen est 6 sur 10

Statistiques - réponses

QuestionRéponse% Correct
De quel pays Beyrouth est-elle la capitale ?Liban
94%
Selon l'expression, quand on aide quelqu'un en lui procurant les moyens de réussir, que lui met-on à l'étrier ?le pied
91%
De quel oiseau évoque-t-on le caca pour parler d'une couleur jaune verdâtre ?oie
75%
De quelle céréale transformée est issu le malt ?orge
75%
Quel phénomène, concernant davantage les hommes que les femmes, est appelé ronchopathie ?ronflement
63%
Sur quel pays Constantin Ier règne-t-il, de 1913 à 1917 ?Grèce
56%
Selon le proverbe, "la fortune vient en...dormant
39%
A quel écrivain français du 17e siècle doit-on le recueil de portraits et de maximes intitulé : "Les Caractères" ?La Bruyère
39%
Le violoniste et chef d'orchestre, d'origine russe, qui fonda le festival de Gstaad, s'appelle Yehudi...Menuhin
38%
Quel terme désigne un bourgogne blanc et un arbre abattu par le vent ?chablis
9%

Distribution des résultats

Percentile par nombre de réponses

% des personnes avec chaque résultat

Votre développement - résultats

Vous n’avez pas pris ce quiz